000 02890nam a2200253 a 4500
001 000015171
005 20250129172553.0
008 100202t2001 dr 001 e spa d
040 _aDO-SdBNP
_bspa
_cBNPHU
082 _aRD864.44
_bH519f, 2005
100 1 _aHenríquez Gratereaux, Federico,
_d1937-
_92003
245 1 3 _aLa feria de las ideas /
_cFederico Henríquez Gratereaux.
250 _a5ª ed.
260 _aSanto Domingo :
_bAlfa y Omega,
_c2001.
300 _a288 p. ;
_c24 cm.
500 _aIncluye datos biográficos del autor en la contracubierta.
505 0 _tEl caso de algunos escritos cortos --
_tTertulias iterarias y de las otras --
_tLa gimnasia del escribano --
_tEntre dos fuegos --
_tCrítica de la crítica --
_tEsperpento --
_tGuerra a la expresión petrificada --
_tVeinte años después de la muerte de Ortega --
_tDe la visión española del mundo --
_tLos grandes brincos estéticos--
_tLa entretela de nuestras de nuestras ideas --
_t!Filosofía en el periódico! --
_tCríticos, criticones, criticastro --
_tLomas antillanas con pensamiento de Machado --
_tSacarle la lengua al lenguaje --
_tCoro de sapos --
_tCharla de viejos --
_tLos intelectuales brutos --
_tEl sigiloso cambio de la novela --
_tLa feria de las ideas --
_tVenir del mono y hacer el Mono --
_tEl ombligo olímpico de Rubén Darío --
_tEl diablo y la historia con Dios a cuentas --
_tAndrajos intelectuales --
_tEn el país de los ciegos ningún tuerto es rey --
_tLos poetas descubren el mercado --
_tIdeología y desinfectante --
_tIdeología y desinfectante (cambios económicos en Rusia) --
_tEl sembrador de voces --
_t"De incomprensibles verdades sostenido" --
_tLa marcha que conduce al Guijarro --
_tRebanadas de escritura --
_tPodar el árbor de la patria --
_tEn el lomo poético del potro del Compadre Mon --
_tConcho Primo salvado de la muerte --
_tCárcel, comisario y juez --
_tMuerte y transfiguración de Concho Primo --
_tEl Masacre bajo la lupa --
_tLos malos salvajes --
_tMultiloquio americanista --
_tSustantivos y adjetivos
_tPiltrafas de libertad --
505 0 _tHombres, mujeres y bichos --
_tMujer persona femenina hembra --
_t!Cristo viene en autobús! --
_tEl diablo sigue siendo noticia --
_tLa sexualidad como consumo --
_tCómo sacar el tuétano al padrino --
_tLas mujeres blasfemias de todos los tiempos --
_tLa inocencia, la experiencia y la locura --
_tEspecialistas, economistas, literatos, humanistas --
_tEl prestigio de la nada --
_tEl hombre como animal mitogénico --
_tMito, tradición y leyenda --
_tPoetas y filosofos se tiran de las greñas --
_tOrwell y nuestro siglo de sociolatría --
_tAfueristas y adentristas --
_tOdiseo, Sancho y José Arcadio se reúnen --
_tBorges.
586 _aPremio Nacional de Ensayo, Pedro Henríquez Ureña 1979.
650 0 _aEnsayos dominicanos
_965
650 0 _aLiteratura dominicana.
_967
910 _aValidado. Control de calidad EMS.
049 _aBNPD
999 _c14742
_d14742